| 000 | 00533nam a2200133Ia 4500 | ||
|---|---|---|---|
| 008 | 181023s9999 xx 000 0 und d | ||
| 020 | _a9789719807698 | ||
| 100 | _aCristobal, Amadeo Pangilinan | ||
| 245 |
_cAmadeo Pangilinan Cristobal, Maura Consolacion De La Cruz Cristobal _aPractical research for senior high school 2/ |
||
| 260 |
_aQuezon City: _bC and E Publishing, Inc. _c2017 |
||
| 300 |
_avii, 263 pages : _billustrated ; _c25 cm. |
||
| 500 | _aIncludes bibliographical reference and index | ||
| 650 | _aResearch -- methodology | ||
| 999 |
_c359412 _d359412 |
||